El Neo - liberalismo y la privatización de la economía /
Se trata de evidenciar que la privatización de las empresas públicas carece de justificación, ya sea que se argumente que el Estado por definición es un mal administrador o bien que la actividad estatal atenta contra las virtudes de la libre competencia y del omnipotente y omnisapiente mercado libre...
Uloženo v:
| Hlavní autor: | |
|---|---|
| Médium: | Text |
| Témata: | |
| Tagy: |
Přidat tag
Žádné tagy, Buďte první, kdo vytvoří štítek k tomuto záznamu!
|
MARC
| LEADER | 00000 a a2200000 04500 | ||
|---|---|---|---|
| 001 | 14264 | ||
| 003 | |||
| 040 | |||
| 100 | |a Montoya, Aquiles | ||
| 245 | |a El Neo - liberalismo y la privatización de la economía / |c Aquiles Montoya | ||
| 520 | |a Se trata de evidenciar que la privatización de las empresas públicas carece de justificación, ya sea que se argumente que el Estado por definición es un mal administrador o bien que la actividad estatal atenta contra las virtudes de la libre competencia y del omnipotente y omnisapiente mercado libre. Demuestra que la privatización, dentro de un programa de liberalización de la economía, únicamente se justifica en orden a crear condiciones que posibiliten una mayor valorización del capital y nuevas oportunidades para la inversión en aquellas actividades que hasta ahora han sido (y deberían seguir siendo) de incumbencia estatal. A manera de conclusión apunta que, en condiciones como la salvadoreña, la privatización, lejos de aminorar los desequilibrios macroeconómicos y sociale, tenderá a exacerbarlos, especialmente por los efectos que tendrá sobre las grandes mayorías populares |a y ésto como consecuencia de la mayor concentración del ingreso que acarreará el proceso y de la eliminación de los servicios públicos gratuitos y subsidios. Por lo tanto, la auténtica salida consistirá en volver eficientes las empresas e instituciones estatales, con lo que se estarían convirtiendo en auténticas propiciadoras del bienestar social. EB/JM | ||
| 650 | |a EMPRESAS PUBLICAS | ||
| 650 | |a PROPIEDAD PUBLICA | ||
| 650 | |a DESNACIONALIZACION | ||
| 650 | |a ECONOMIA DE MERCADO | ||
| 650 | |a LIBERALISMO | ||
| 650 | |a VALOR AGREGADO | ||
| 650 | |a INVERSIONES PRIVADAS | ||
| 650 | |a DISTRIBUCION DEL INGRESO | ||
| 650 | |a EMPOBRECIMIENTO | ||
| 650 | |a SERVICIOS SOCIALES | ||
| 650 | |a BIENESTAR SOCIAL | ||
| 773 | |g volumen 11, número 32; páginas 29-36 | ||
| 999 | |c 29429 |d 29429 | ||
| 773 | 0 | |0 18884 |9 3410 |a Universidad Nacional Autónoma de Honduras. |d Tegucigalpa: UNAH. Postgrado Centroamericano en Economía y Planificación del Desarrollo, 1979- |o MFN: 1100 |t Revista Centroamericana de Economía / | |
